[Event "Gibraltar Masters 2019"]
[Site "Caleta ENG"]
[Date "2019.01.27"]
[Round "6.39"]
[White "Kunin,V"]
[Black "Kozak,Adam"]
[Result "1/2-1/2"]
[WhiteElo "2544"]
[BlackElo "2425"]

1.d4 Nf6 2.c4 e6 3.Nf3 b6 4.Nc3 Bb4 5.Qb3 c5 6.a3 Ba5 7.Bg5 h6 8.Bxf6 Qxf6
9.e3 Bb7 10.Be2 cxd4 11.exd4 Bxf3 12.Bxf3 Nc6 13.Bxc6 dxc6 14.O-O Bxc3 15.bxc3 O-O
16.a4 Rab8 17.a5 b5 18.Rfe1 Qf5 19.c5 Rfd8 20.Re5 Qd3 21.Qb4 a6 22.h3 Rd7
23.Rae1 Rbd8 24.R5e3 Qc2 25.R1e2 Qd1+ 26.Kh2 Rd5 27.Qa3 Qb1 28.Re1 Qc2 29.R3e2 Qd3
30.Qb2 Qc4 31.Re4  1/2-1/2

[Event "Gibraltar Masters 2019"]
[Site "Caleta ENG"]
[Date "2019.01.27"]
[Round "6.40"]
[White "Nguyen,Thai Dai Van"]
[Black "Bulmaga,I"]
[Result "1-0"]
[WhiteElo "2535"]
[BlackElo "2407"]

1.e4 e5 2.Nf3 Nc6 3.Bb5 a6 4.Ba4 Nf6 5.O-O b5 6.Bb3 Bb7 7.d3 Be7 8.a3 O-O
9.Nc3 d6 10.Nd5 Nxd5 11.Bxd5 Bf6 12.h3 Rb8 13.c3 Qe7 14.Nh2 Bg5 15.Ng4 h5
16.Ne3 g6 17.g3 Kh7 18.f4 exf4 19.gxf4 Bh6 20.Qf3 Qd7 21.d4 f5 22.exf5 gxf5
23.Bd2 Ba8 24.Qxh5 Ne7 25.Bxa8 Rxa8 26.Kh2 Rae8 27.Rg1 Qe6 28.Rae1 Qf7 29.Qxf7+ Rxf7
30.Nd5 c6 31.Nc7 Rc8 32.Ne6 c5 33.dxc5 dxc5 34.h4 Nc6 35.Ng5+ Kg7 36.Nxf7+ Kxf7
37.Be3 Na5 38.Rd1 Nc4 39.Bc1 Rc6 40.Rd7+ Ke6 41.Rh7 Kd5 42.b3 Na5 43.Rd1+ Ke4
44.Re7+ Kf3 45.Kh3 Kf2 46.Bd2 c4 47.Be1+ Kf3 48.Bg3  1-0

[Event "Gibraltar Masters 2019"]
[Site "Caleta ENG"]
[Date "2019.01.27"]
[Round "6.41"]
[White "Hjartarson,J"]
[Black "Hedman,E"]
[Result "1/2-1/2"]
[WhiteElo "2530"]
[BlackElo "2378"]

1.d4 d5 2.c4 e6 3.Nc3 c5 4.cxd5 exd5 5.Nf3 Nc6 6.g3 Nf6 7.Bg2 Be7 8.O-O O-O
9.dxc5 Bxc5 10.Bg5 d4 11.Bxf6 Qxf6 12.Nd5 Qd8 13.Nd2 Re8 14.Rc1 Bf8 15.Nb3 Be6
16.Nf4 Qb6 17.Nxe6 Rxe6 18.Bxc6 bxc6 19.Qd3 Rae8 20.Rc2 c5 21.Nc1 h5 22.Qf3 h4
23.Nd3 Re4 24.b3 Qe6 25.Rxc5 Rxe2 26.Ra5 Qb6 27.Ra4 a5 28.Rd1 Bb4 29.g4 h3
30.Qxh3 Qc6 31.Rf1 Bc3 32.Rc4 Qe4 33.a4 g6 34.Qg3 Kg7 35.h3 Rd2 36.Nc5 Qe2
37.Qf4 Re3 38.Rxc3 Rxc3 39.Ne4 Rd1 40.Qe5+ Kf8 41.Qh8+ Ke7 42.Qf6+ Ke8 43.Rxd1 Qxd1+
44.Kg2 Qxb3 45.Qd6 Qb7 46.f3 Rc2+ 47.Kg3 Qe7 48.Qxd4 Rc6 49.g5 Qc7+ 50.f4 Ke7
51.Nf6 Qd8 52.Nd5+ Kd7 53.h4 Kc8 54.h5 gxh5 55.Kh4 Qd7 56.f5 Kb7 57.Qe4 Ka7
58.Kxh5 Rc5 59.Ne7 Qd6 60.Qe3 Qh2+ 61.Kg4 Qg2+ 62.Kh5 Qh2+ 63.Kg4 Qg2+ 64.Kh5 Qh2+  1/2-1/2

[Event "Gibraltar Masters 2019"]
[Site "Caleta ENG"]
[Date "2019.01.27"]
[Round "6.42"]
[White "Kavutskiy,K"]
[Black "Zanan,E"]
[Result "1-0"]
[WhiteElo "2424"]
[BlackElo "2528"]

1.d4 Nf6 2.c4 g6 3.Nc3 d5 4.Nf3 Bg7 5.e3 O-O 6.cxd5 Nxd5 7.Bc4 Nxc3 8.bxc3 c5
9.O-O Qc7 10.Qe2 Nc6 11.Rd1 b6 12.Rb1 Bf5 13.Rb2 Na5 14.Ba6 Be4 15.Ng5 Bc6
16.Bd3 e5 17.d5 Ba4 18.Bc2 Bxc2 19.Rxc2 h6 20.Nh3 Nb7 21.c4 Nd6 22.e4 f5
23.f3 fxe4 24.fxe4 Qe7 25.Nf2 a6 26.Be3 Kh7 27.Rb1 Rab8 28.Rcb2 Qc7 29.a4 Rb7
30.h3 Rfb8 31.Qc2 Rc8 32.Ng4 Qd8 33.Rf1 h5 34.Nh2 b5 35.axb5 axb5 36.cxb5 Rxb5
37.Rxb5 Nxb5 38.Nf3 Bf6 39.h4 c4 40.Ng5+ Bxg5 41.Bxg5 Qe8 42.Rf6 Nd4 43.Qf2 Kg8
44.Kh2 Rc7 45.Rd6 Rd7 46.Rxd7 Qxd7 47.Qf6 Qg7 48.Qxg7+ Kxg7 49.d6  1-0

[Event "Gibraltar Masters 2019"]
[Site "Caleta ENG"]
[Date "2019.01.27"]
[Round "6.43"]
[White "Doluhanova,E"]
[Black "Arizmendi Martinez,J"]
[Result "1/2-1/2"]
[WhiteElo "2348"]
[BlackElo "2506"]

1.e4 c6 2.d4 d5 3.Nc3 dxe4 4.Nxe4 Nd7 5.Nf3 Ndf6 6.Bd3 Nxe4 7.Bxe4 Nf6 8.Bd3 Bg4
9.c3 e6 10.h3 Bh5 11.Be2 Be7 12.Bg5 Nd5 13.Bxe7 Qxe7 14.Ne5 Bxe2 15.Qxe2 O-O
16.O-O Rfd8 17.Rfe1 c5 18.dxc5 Qxc5 19.Rad1 Nf6 20.Rxd8+ Rxd8 21.Rd1 Rd5
22.c4 Rd4 23.Rxd4 Qxd4 24.Qd3 Qxd3 25.Nxd3 Kf8 26.f3 Ke7 27.Kf2 Kd6 28.Ke3 Nd7
29.b4 e5 30.g4 f6 31.Ke4 g6 32.f4 exf4 33.Nxf4 b6 34.Nd5 a5 35.a3 axb4 36.axb4 Ke6
37.Kd4 f5 38.g5 Kd6 39.h4 Ke6 40.c5 bxc5+ 41.bxc5 Nb8 42.Nb4 f4 43.Ke4 f3
44.Kxf3 Nd7 45.c6 Nb6 46.Ke4 Kd6 47.Kd4 Nc8 48.Nd5 Kxc6 49.Ke5 Kd7 50.Kf6 Nd6
51.Ne3 Nf5 52.Nxf5 gxf5 53.Ke5 Ke8 54.h5 Ke7 55.h6 Kf7 56.Kxf5 Kg8  1/2-1/2

[Event "Gibraltar Masters 2019"]
[Site "Caleta ENG"]
[Date "2019.01.27"]
[Round "6.44"]
[White "Zuo,Yifan"]
[Black "Gallego Alcaraz,A"]
[Result "0-1"]
[WhiteElo "2298"]
[BlackElo "2502"]

1.d4 Nf6 2.Nf3 g6 3.c4 Bg7 4.g3 O-O 5.Bg2 d5 6.O-O Nc6 7.Nbd2 Be6 8.cxd5 Bxd5
9.b3 Nxd4 10.Bb2 Nxf3+ 11.Nxf3 c6 12.Qc2 Be4 13.Qc4 Qd5 14.Qb4 c5 15.Qb5 Rfd8
16.Rfd1 Qxd1+ 17.Rxd1 Rxd1+ 18.Bf1 Rad8 19.Qxc5 Bf5 20.Kg2 Ne4 21.Qa3 Rxf1
22.Kxf1 Bh3+ 23.Ke1 Nc3 24.Nd4 Bxd4 25.f3 Bf6 26.Bxc3 Bxc3+ 27.Kf2 Be6 28.Qxe7 Rd7
29.Qe8+ Kg7 30.h4 h5 31.e4 Rd2+ 32.Ke3 Rxa2 33.f4 Rb2 34.Qd8 Rxb3 35.Ke2 Bf6
36.Qc7 Bg4+ 37.Kf2 Bd4+  0-1

[Event "Gibraltar Masters 2019"]
[Site "Caleta ENG"]
[Date "2019.01.27"]
[Round "6.45"]
[White "Krysa,L"]
[Black "Dhulipalla,Bala Chandra Prasad"]
[Result "1/2-1/2"]
[WhiteElo "2499"]
[BlackElo "2341"]

1.Nf3 d5 2.g3 Bg4 3.Bg2 c6 4.O-O Nd7 5.h3 Bxf3 6.Bxf3 Ngf6 7.d3 e5 8.e4 dxe4
9.dxe4 Bc5 10.Qe2 O-O 11.a4 a5 12.Nd2 Qe7 13.Nc4 Nb6 14.Ne3 g6 15.h4 h5 16.Nc4 Qe6
17.Nxb6 Bxb6 18.Ra3 Bd4 19.Rd3 b5 20.axb5 cxb5 21.c3 Bc5 22.Rfd1 Rfb8 23.Kg2 Bf8
24.Bg5 b4 25.cxb4 Bxb4 26.Bxf6 Qxf6 27.Rd7 Rd8 28.Qb5 Rxd7 29.Rxd7 Rc8 30.Bd1 Rd8
31.Bb3 Rxd7 32.Qxd7 Kg7 33.Qd5  1/2-1/2

[Event "Gibraltar Masters 2019"]
[Site "Caleta ENG"]
[Date "2019.01.27"]
[Round "6.46"]
[White "Gukesh,D"]
[Black "Solozhenkina,Elizaveta"]
[Result "1-0"]
[WhiteElo "2497"]
[BlackElo "2279"]

1.e4 c6 2.d4 d5 3.Nc3 dxe4 4.Nxe4 Nf6 5.Nxf6+ exf6 6.c3 Bd6 7.Bd3 O-O 8.Ne2 h5
9.Be3 Be6 10.Qc2 Nd7 11.O-O-O Re8 12.c4 Rc8 13.Kb1 Nf8 14.Nc3 Bb4 15.Ne4 Be7
16.Nc5 Bxc5 17.dxc5 Qa5 18.a3 Rcd8 19.h3 g6 20.Ka1 Bc8 21.g4 h4 22.Be4 Qc7
23.Rxd8 Rxd8 24.f4 Re8 25.Re1 Qe7 26.Bf2 Qc7 27.Qc1 Ne6 28.Bb1 Ng7 29.Rxe8+ Nxe8
30.Bxh4 Qe7 31.Qg1 Nc7 32.f5 Na6 33.fxg6 Nxc5 34.gxf7+ Kxf7 35.Bf2 Nb3+ 36.Ka2 Nd2
37.Bd3 Qd8 38.Qg3 Be6 39.b3 b5 40.Qe3 bxc4 41.Qxa7+ Qe7 42.Bg6+ Kf8 43.Bc5 cxb3+
44.Ka1 b2+ 45.Kxb2 Nc4+ 46.Kc3 Nd6 47.Qb8+ Kg7 48.Bxd6  1-0

[Event "Gibraltar Masters 2019"]
[Site "Caleta ENG"]
[Date "2019.01.27"]
[Round "6.47"]
[White "Stefanova,A"]
[Black "Valhondo Morales,R"]
[Result "1-0"]
[WhiteElo "2486"]
[BlackElo "2231"]

1.Nf3 Nf6 2.g3 g6 3.d4 Bg7 4.Bg2 O-O 5.O-O d5 6.Be3 Bf5 7.Qc1 Qc8 8.Rd1 Re8
9.c4 c6 10.Ne5 Bh3 11.Bh1 Nbd7 12.f4 dxc4 13.Qxc4 Be6 14.Qc2 Bd5 15.Nc3 Bxh1
16.Kxh1 Nb6 17.Bg1 Qe6 18.e4 Red8 19.Rf1 Qh3 20.a4 Nc8 21.a5 a6 22.Na4 Nd6
23.Nc5 Nfe8 24.g4 Bh8 25.Rf3 Qh6 26.g5 Qg7 27.Rh3 Nc7 28.Qb3 Qf8 29.Rh4 Bg7
30.Rf1 Qe8 31.Rf3 e6 32.Rfh3 h5 33.gxh6 Bxe5 34.h7+ Kh8 35.fxe5 Ndb5 36.Qf3 Qe7
37.Rf4 Nxd4 38.Bxd4 Rxd4 39.Rxf7 Rd1+ 40.Qxd1 Qxf7 41.Qf3 Rf8 42.Qxf7 Rxf7
43.Nxb7 Rf2 44.Nd8 c5 45.b3 Rf8 46.Nb7 Nb5 47.Nxc5 Nd4 48.Rd3 Nc6 49.Nxe6 Rf2
50.Ng5  1-0

[Event "Gibraltar Masters 2019"]
[Site "Caleta ENG"]
[Date "2019.01.27"]
[Round "6.48"]
[White "Martinez Martin,D"]
[Black "Kadric,D"]
[Result "0-1"]
[WhiteElo "2416"]
[BlackElo "2545"]

1.e4 c6 2.d4 d5 3.exd5 cxd5 4.Bd3 Nc6 5.c3 Qc7 6.Ne2 Bg4 7.O-O Nf6 8.Qe1 e6
9.Bf4 Bd6 10.Bxd6 Qxd6 11.Ng3 O-O-O 12.f3 Bh5 13.Nxh5 Nxh5 14.Nd2 Kb8 15.b4 Nf4
16.Bc2 e5 17.b5 exd4 18.bxc6 Rhe8 19.Qb1 Qxc6 20.Qb4 Qh6 21.Rab1 b6 22.Bd1 dxc3
23.Qxc3 Re2 24.Rf2 Rxf2 25.Kxf2 Qh4+ 26.Kf1 Re8 27.Bc2 Qxh2 28.Qxg7 Qh1+  0-1

[Event "Gibraltar Masters 2019"]
[Site "Caleta ENG"]
[Date "2019.01.27"]
[Round "6.49"]
[White "Solomon,K"]
[Black "Puranik,A"]
[Result "0-1"]
[WhiteElo "2413"]
[BlackElo "2536"]

1.d4 Nf6 2.Nf3 g6 3.Bg5 Bg7 4.c3 O-O 5.Nbd2 d5 6.e3 Nbd7 7.Be2 Re8 8.O-O e5
9.b4 c6 10.Bh4 h6 11.Bg3 e4 12.Ne1 Nb6 13.a4 a5 14.Qb3 Be6 15.Nc2 Bf8 16.Ra2 Nfd7
17.Rfa1 h5 18.h3 h4 19.Bh2 Ra7 20.Qb1 Nc8 21.bxa5 Qxa5 22.Nb4 Bd6 23.Nb3 Bxh2+
24.Kxh2 Qc7+ 25.Kg1 Nd6 26.a5 Rea8 27.Qe1 g5 28.f4 exf3 29.Bxf3 Ne4 30.Ra3 f5
31.a6 b6 32.Bxe4 fxe4 33.Qd1 Nf6 34.Qe1 Kg7 35.Nd2 Qd6 36.Nf1 Rh8 37.R3a2 c5
38.Nc2 g4 39.Na3 Bd7 40.c4 Rxa6 41.Nb5 Bxb5 42.Rxa6 Bxa6 43.Rxa6 gxh3 44.gxh3 dxc4
45.Qf2 Rh5 46.Qb2 Rg5+ 47.Kf2 cxd4 48.Rxb6 dxe3+ 49.Ke1 Qf4 50.Rc6 Rg1  0-1

[Event "Gibraltar Masters 2019"]
[Site "Caleta ENG"]
[Date "2019.01.27"]
[Round "6.90"]
[White "Erenberg,Ariel"]
[Black "Weisbuch,U"]
[Result "1/2-1/2"]
[WhiteElo "2409"]
[BlackElo "2172"]

1.d4 Nf6 2.c4 d6 3.Nc3 Bf5 4.g3 e5 5.Nf3 Nbd7 6.Bg2 c6 7.Nh4 Bg6 8.O-O Be7
9.d5 cxd5 10.Nxg6 hxg6 11.Nxd5 Nxd5 12.Qxd5 Rb8 13.Be3 b6 14.b4 Nf6 15.Qb5+ Kf8
16.Bg5 Rh5 17.h4 Ne8 18.Bxe7+ Qxe7 19.Rfd1 e4 20.Qc6 Re5 21.Rd4 f5 22.Rad1 Re6
23.Bh3 Rf6 24.e3 Rf7 25.c5 bxc5 26.bxc5 dxc5 27.Rd7 Rb1 28.Rxb1 Qxd7 29.Qxc5+ Qd6
30.Qa5 Nf6 31.Bf1 Rd7 32.Bb5 Rc7 33.Be2 Kg8 34.h5 Kh7 35.Rd1 Qc5 36.hxg6+ Kxg6
37.Qa6 Rc6 38.Qb7 Rc7 39.Qa6 Rc6 40.Qb7  1/2-1/2

[Event "Gibraltar Masters 2019"]
[Site "Caleta ENG"]
[Date "2019.01.27"]
[Round "6.110"]
[White "Cano Sevilla,Ivan"]
[Black "Gravett,A"]
[Result "0-1"]
[WhiteElo "1950"]
[BlackElo "1840"]

1.d4 Nf6 2.Bf4 g6 3.Nc3 Bg7 4.e4 d6 5.Qd2 O-O 6.O-O-O c6 7.f3 b5 8.Bh6 a5
9.h4 Qc7 10.h5 e5 11.d5 b4 12.Nb1 c5 13.Qg5 Nxh5 14.Bxg7 f6 15.Bxf6 Nxf6
16.g4 Ba6 17.Bxa6 Nxa6 18.Ne2 c4 19.Ng3 Kh8 20.Qxg6 Nc5 21.g5 Ne8 22.Rxh7+ Qxh7
23.Rh1 Qxh1+ 24.Nxh1 a4 25.Ng3 b3 26.Na3 Ra7 27.Qh6+ Kg8 28.Nf5 Rh7 29.Qg6+ Kh8
30.Nxd6 Rh1+ 31.Kd2 Rh2+ 32.Kc3 bxc2 33.Nxe8 c1=Q+ 34.Kb4 Rxb2+ 35.Kxc5 Qe3+  0-1

[Event "Gibraltar Masters 2019"]
[Site "Caleta ENG"]
[Date "2019.01.27"]
[Round "6.109"]
[White "Lochte,S"]
[Black "Heinemann,Josefine"]
[Result "1/2-1/2"]
[WhiteElo "1868"]
[BlackElo "2304"]

1.c4 c5 2.g3 Nf6 3.Bg2 d5 4.cxd5 Nxd5 5.Nc3 Nc7 6.Nf3 Nc6 7.O-O e5 8.d3 Be7
9.b3 O-O 10.Bb2 Be6 11.Rc1 f6 12.e3 Na6 13.Qe2 Qd7 14.Rfd1 Bg4 15.Qf1 Rfd8
16.h3 Bf5 17.e4 Be6 18.Rd2 Bf8 19.Kh2 Rac8 20.Ba1 Nab4 21.Rcd1 Qf7 22.Qe2 Rc7
23.Bf1 g6 24.Qe3 Nd4 25.Ne1 h5 26.Ne2 Kh7 27.f4 Bh6 28.Nxd4 cxd4 29.Qf2 Rdc8
30.a3 Nc6 31.b4 h4 32.Ng2 hxg3+ 33.Qxg3 Ne7 34.Rf2 Qg7 35.Be2 Rc2 36.Rdf1 R8c7
37.Bg4 Bg8 38.Kg1 a6 39.Qf3 f5 40.Rxc2 fxg4 41.Qf2 Rxc2 42.Qxc2 gxh3 43.Ne1 Bxf4
44.Bxd4 g5 45.Bc3 g4  1/2-1/2

[Event "Gibraltar Masters 2019"]
[Site "Caleta ENG"]
[Date "2019.01.27"]
[Round "6.111"]
[White "Obiamiwe,P"]
[Black "Francois-Haugrin,Said"]
[Result "1/2-1/2"]
[WhiteElo "1903"]
[BlackElo "1825"]

1.Nf3 Nf6 2.c4 g6 3.Nc3 Bg7 4.e4 d6 5.d4 O-O 6.Be2 c5 7.O-O Bg4 8.Be3 Bxf3
9.Bxf3 cxd4 10.Bxd4 Nc6 11.Be3 Rc8 12.b3 a6 13.Rc1 Qa5 14.Qd2 b5 15.cxb5 axb5
16.Nd5 Qxd2 17.Bxd2 Nxd5 18.exd5 Nd4 19.Bd1 Rxc1 20.Bxc1 Rc8 21.Be3 Rc5 22.Bxd4 Bxd4
23.Bf3 Rc2 24.a4 bxa4 25.bxa4 Ra2 26.Bd1 Kg7 27.g3 Kf6 28.Kg2 Ke5 29.Kf3 Ra3+
30.Kg4 Kxd5 31.Bf3+ Ke6 32.Bc6  1/2-1/2

[Event "Gibraltar Masters 2019"]
[Site "Caleta ENG"]
[Date "2019.01.27"]
[Round "6.108"]
[White "Suez Panama,G"]
[Black "Redondo Flores,D"]
[Result "0-1"]
[WhiteElo "2078"]
[BlackElo "1970"]

1.d4 g6 2.Nf3 Bg7 3.c4 f5 4.Nc3 Nf6 5.e3 O-O 6.Be2 d6 7.O-O Nc6 8.d5 Ne5
9.Nd4 c5 10.f4 cxd4 11.fxe5 dxc3 12.exf6 Bxf6 13.bxc3 Bxc3 14.Rb1 Qa5 15.Rb3 Bg7
16.Qd3 b6 17.Bb2 Bxb2 18.Rxb2 Bd7 19.Qd4 Rac8 20.Bd3 Qc5 21.Qf4 Qa3 22.Rd2 Qc3
23.Qf2 e5 24.dxe6 Bxe6 25.Rfd1 Qe5 26.Bf1 Rfd8 27.Rd4 Bf7 28.Qf4 Qxf4 29.exf4 Rc6
30.g3 Kf8 31.Kf2 Rdc8 32.a3 Bxc4 33.Bg2 d5 34.Bxd5 Bxd5 35.Rxd5 Rc2+ 36.Ke3 R2c3+
37.R1d3 Rxd3+ 38.Kxd3 Ke7 39.Rb5 Kd6 40.h3 Rc5 41.Rb4 h5 42.Rb3 Kd5 43.Ke3 b5
44.Rd3+ Kc6 45.Kf3 a5 46.Re3 Kd6 47.Rd3+ Rd5 48.Rb3 Kc5 49.Rc3+ Kb6 50.Rb3 Rd4
51.g4 hxg4+ 52.hxg4 b4 53.axb4 axb4 54.gxf5 gxf5 55.Re3 Kc5 56.Re8 b3 57.Rc8+ Kb4  0-1

[Event "Gibraltar Masters 2019"]
[Site "Caleta ENG"]
[Date "2019.01.27"]
[Round "6.66"]
[White "Gutierrez Olivares,D"]
[Black "Tomazini,Z"]
[Result "0-1"]
[WhiteElo "2320"]
[BlackElo "2439"]

1.Nf3 g6 2.g3 Bg7 3.d4 d6 4.Bg2 c5 5.O-O Nc6 6.c3 Bd7 7.dxc5 dxc5 8.Qd5 Qb6
9.Ng5 Nd8 10.Ne4 Rc8 11.a4 f5 12.Ng5 Nf6 13.Qc4 h6 14.Nf3 Nf7 15.a5 Qc7 16.a6 b5
17.Qb3 e5 18.Rd1 O-O 19.Na3 c4 20.Qb4 Rb8 21.Be3 Rfc8 22.Qe7 g5 23.Nc2 f4
24.gxf4 gxf4 25.Bc1 Re8 26.Qa3 Bf5 27.Nb4 Rbd8 28.Bd2 Be4 29.Be1 Bf8 30.Rxd8 Rxd8
31.Qa5 Qd7 32.h3 Bc5 33.Qa2 Kh8 34.b3 Rg8 35.Kh2 Rxg2+ 36.Kxg2 Ng5  0-1

[Event "Gibraltar Masters 2019"]
[Site "Caleta ENG"]
[Date "2019.01.27"]
[Round "6.67"]
[White "Schippers,Maurice"]
[Black "Raja,Rithvik R"]
[Result "1/2-1/2"]
[WhiteElo "2276"]
[BlackElo "2431"]

1.e4 e5 2.Nf3 Nc6 3.d4 exd4 4.Nxd4 Bc5 5.Be3 Qf6 6.c3 Nge7 7.Bc4 O-O 8.O-O b6
9.Nc2 Qg6 10.Bxc5 bxc5 11.Nd2 Rb8 12.b3 Qf6 13.Qf3 Qxf3 14.Nxf3 d6 15.Ne3 Be6
16.Rad1 Bxc4 17.Nxc4 f6 18.Rfe1 Rfe8 19.Nfd2 a5 20.Nb2 f5 21.exf5 Nxf5 22.Rxe8+ Rxe8
23.Kf1 Kf7 24.Ndc4 g5 25.Na3 Rb8 26.Nac4 h5 27.Na4 Kf6 28.Rd2 Ra8 29.Na3 Rb8
30.Nc4 Kf7 31.Rd3 Kf6 32.Rd2  1/2-1/2

[Event "Gibraltar Masters 2019"]
[Site "Caleta ENG"]
[Date "2019.01.27"]
[Round "6.107"]
[White "Giulian,R"]
[Black "Waddington,M"]
[Result "0-1"]
[WhiteElo "1908"]
[BlackElo "2094"]

1.e4 e5 2.Nf3 f5 3.Nxe5 Qf6 4.d4 d6 5.Nc4 fxe4 6.Nc3 Qg6 7.Ne3 c6 8.Be2 Nf6
9.O-O d5 10.f3 exf3 11.Bxf3 Be6 12.Qe2 Kd7 13.Re1 Bf7 14.Ng4 Nxg4 15.Bxg4+ Kd8
16.Bf4 Nd7 17.Rf1 Be8 18.Rae1 Bd6 19.Bh5 Qxh5 20.Bxd6 Qxe2 21.Rxe2 Nb6 22.b3 Nc8
23.Bg3 Bg6 24.Bh4+ Kd7 25.Rff2 b6 26.Nd1 a5 27.a3 Re8 28.Rxe8 Kxe8 29.Re2+ Kf7
30.Nf2 c5 31.dxc5 bxc5 32.Ng4 Be4 33.c4 a4 34.bxa4 Rxa4 35.Re3 Ke6 36.cxd5+ Kxd5
37.h3 Nd6 38.Be1 Nc4 39.Rc3 Nxa3 40.Bf2 Nc4 41.Kh2 Ra2 42.Kg1 h5 43.Ne3+ Nxe3
44.Rxe3 c4 45.Rg3 g6 46.Rg5+ Ke6 47.Bd4 Bf5 48.g4 hxg4 49.hxg4 Bd3 50.Rc5 Re2
51.g5 Re4 52.Bf6 Kd6 53.Ra5 Re2 54.Bd4 Rc2 55.Rc5 Bf5 56.Kf1 Be6 57.Ke1 Bd5
58.Ra5 Rg2 59.Ra6+ Bc6 60.Ra5 Rg4 61.Bf6 Kc7 62.Kd2 Kb6 63.Bd8+ Kb7 64.Bf6 Be4
65.Kc3 Bd3 66.Bg7 Kb6 67.Rd5 Bf5 68.Bd4+ Kc6 69.Rc5+ Kd6 70.Rxc4 Rg3+ 71.Kb4 Rxg5
72.Bc5+ Kd5 73.Rd4+ Ke5 74.Rh4 Be4 75.Kc3 Rg3+ 76.Kd2 g5 77.Rh6 Rb3 78.Bb6 g4
79.Bc7+ Kd4 80.Rd6+ Bd5 81.Rb6 Ra3 82.Rb4+ Bc4 83.Bb6+ Kd5 84.Bc7 g3 85.Bxg3 Rxg3
86.Rb8 Kd4 87.Rd8+ Bd5 88.Re8 Rd3+ 89.Ke2 Rg3 90.Kd2 Rg7 91.Re3 Bc4 92.Re8 Rg2+
93.Ke1 Bd3 94.Rd8+ Ke3 95.Re8+ Be4 96.Kf1 Rg6 97.Re7 Rg8 98.Re6 Rh8 99.Kg1 Rh1+  0-1

[Event "Gibraltar Masters 2019"]
[Site "Caleta ENG"]
[Date "2019.01.27"]
[Round "6.94"]
[White "Jaksland,T"]
[Black "Osuna Vega,E"]
[Result "1/2-1/2"]
[WhiteElo "2264"]
[BlackElo "2116"]

1.Nf3 c5 2.c4 Nf6 3.b3 g6 4.Bb2 Bg7 5.g3 b6 6.Bg2 Bb7 7.O-O O-O 8.d4 cxd4
9.Qxd4 d6 10.Nc3 Nbd7 11.Rfd1 Ne4 12.Qe3 Nxc3 13.Bxc3 Nf6 14.Rac1 Rc8 15.Qd4 Qc7
16.Qh4 Ne4 17.Bxg7 Kxg7 18.Nd4 Nf6 19.Nb5 Qb8 20.Bxb7 Qxb7 21.Qd4 Rc5 22.Nc3 Kg8
23.e4 Qc8 24.f3 Qh3 25.b4 Rcc8 26.Nd5 Nxd5 27.Qxd5 Rc7 28.Rc3 Rfc8 29.Rdc1 Qd7
30.Qd2 Qe6 31.Qd3  1/2-1/2

[Event "Gibraltar Masters 2019"]
[Site "Caleta ENG"]
[Date "2019.01.27"]
[Round "6.95"]
[White "Villar,Ju"]
[Black "Semprun Martinez,F"]
[Result "1/2-1/2"]
[WhiteElo "2237"]
[BlackElo "2076"]

1.d4 Nf6 2.c4 c5 3.d5 b5 4.Nf3 Bb7 5.Nc3 b4 6.Na4 d6 7.Qc2 g6 8.e4 Bg7 9.Bd3 O-O
10.Rb1 Nbd7 11.h3 Nb6 12.a3 a5 13.Nd2 Nfd7 14.Nxb6 Qxb6 15.a4 Qd8 16.O-O e5
17.Nf3 Qe7 18.Be3 Bc8 19.b3 Nf6 20.Qd2 Kh8 21.Nh2 Ng8 22.f4 f5 23.fxe5 Bxe5
24.exf5 Bxf5 25.Bxf5 gxf5 26.Rf3 Rf7 27.Rbf1 Raf8 28.Kh1 Nf6 29.Bh6 Ne4 30.Bxf8 Rxf8
31.Qd3 Rg8 32.Re1 Qh4 33.Ref1 Ng3+ 34.Rxg3 Qxg3 35.Qxg3 Rxg3 36.Nf3 Kg7 37.Kg1 Kf6
38.Kf2 f4 39.Rd1 Bd4+ 40.Kf1 Kf5 41.Re1 Be3 42.Rd1 Ke4 43.Ne1 h5 44.Nf3  1/2-1/2

[Event "Gibraltar Masters 2019"]
[Site "Caleta ENG"]
[Date "2019.01.27"]
[Round "6.71"]
[White "Vega Gutierrez,S"]
[Black "Giemsa,S"]
[Result "1-0"]
[WhiteElo "2390"]
[BlackElo "2275"]

1.e4 e6 2.d3 d5 3.Nd2 Nf6 4.Ngf3 Be7 5.g3 c5 6.Bg2 Nc6 7.O-O O-O 8.Re1 b5
9.a4 b4 10.e5 Nd7 11.Nf1 Qc7 12.Bf4 Bb7 13.h4 Rfc8 14.N1h2 Qd8 15.Bg5 h6
16.Bxe7 Qxe7 17.h5 f6 18.exf6 Qxf6 19.Bh3 Nf8 20.Rb1 Nd4 21.Nxd4 cxd4 22.Ng4 Qe7
23.b3 Rc3 24.Rb2 Rac8 25.Ne5 Qf6 26.Nd7 Nxd7 27.Bxe6+ Kh8 28.Bxd7 Rf8 29.f4 Bc8
30.Qg4 Rc7 31.Bxc8 Rcxc8 32.Qd7 Qf5 33.Qxf5 Rxf5 34.Kg2 Rxh5 35.g4 Rh4 36.Kg3 g5
37.fxg5 hxg5 38.Re5 Rh1 39.Kg2 Rc1 40.Rxd5 R1xc2+ 41.Rxc2 Rxc2+ 42.Kf3 Rc3
43.Ke4 Rxb3 44.Kxd4 Ra3 45.a5 Kg7 46.Rxg5+ Kf6 47.Rb5 b3 48.Kc3 b2+ 49.Kxb2 Rxd3
50.Rb7 Rg3 51.Rxa7 Rxg4 52.Ra8 Kg7 53.Kb3 Rf4 54.Rc8 Rf1 55.Ka4 Kf7 56.a6 Ke7
57.Rc3 Ra1+ 58.Ra3 Rc1 59.a7 Rc8 60.Kb5  1-0

[Event "Gibraltar Masters 2019"]
[Site "Caleta ENG"]
[Date "2019.01.27"]
[Round "6.72"]
[White "Warakomska,A"]
[Black "Gavrilescu,David"]
[Result "0-1"]
[WhiteElo "2209"]
[BlackElo "2479"]

1.e4 c6 2.d4 d5 3.exd5 cxd5 4.Bd3 Nc6 5.c3 Qc7 6.Ne2 Bg4 7.O-O Bh5 8.f4 e6
9.Qe1 Bxe2 10.Qxe2 Bd6 11.g3 Nf6 12.Nd2 O-O 13.Nf3 Rfe8 14.Ne5 g6 15.g4 a6
16.Bd2 Rab8 17.Be1 Nd7 18.Qg2 b5 19.Bg3 a5 20.Rae1 b4 21.Qh3 Nf8 22.f5 exf5
23.gxf5 Nxe5 24.dxe5 Bxe5 25.f6 h5 26.Bxg6 Nxg6 27.Qxh5 Bxg3 28.Qh6 Qc5+  0-1

[Event "Gibraltar Masters 2019"]
[Site "Caleta ENG"]
[Date "2019.01.27"]
[Round "6.73"]
[White "Priyanka,Nutakki"]
[Black "Wemmers,X"]
[Result "0-1"]
[WhiteElo "2195"]
[BlackElo "2418"]

1.c4 e5 2.Nc3 Nf6 3.Nf3 Nc6 4.g3 Nd4 5.Bg2 Nxf3+ 6.Bxf3 Bb4 7.O-O O-O 8.Nd5 Nxd5
9.cxd5 Re8 10.d3 Bf8 11.Bd2 c5 12.e4 d6 13.Bg4 g6 14.f4 exf4 15.Bxf4 Bg7
16.Rb1 c4 17.Bxc8 Rxc8 18.Qf3 Qd7 19.Kh1 b5 20.Rf2 cxd3 21.Qxd3 Rc4 22.Re2 h6
23.Rbe1 g5 24.Bd2 Rec8 25.b3 Rd4 26.Qf3 b4 27.Bc1 g4 28.Qf1 Rd3 29.Rf2 Rdc3
30.Bb2 Rc2 31.Bxg7 Kxg7 32.Ree2 Rc1 33.Re1 Rxe1 34.Qxe1 Qe7 35.Qxb4 Rc1+
36.Kg2 Qe5 37.Rd2 Qh5 38.Qd4+ Kg6 39.Rd1 Rc2+ 40.Rd2 Qe5 41.Qd3 Rxd2+ 42.Qxd2 Qxe4+
43.Kg1 f5 44.Qf2 a5 45.Qd2 Qb4 46.Qd1 Qc3 47.Kg2 Qe3 48.Kf1 h5 49.a3 Qe4
50.Kg1 f4 51.gxf4 Qxf4 52.Qc2+ Kg5 53.Qf2 Qc1+ 54.Kg2 h4 55.Qe2 h3+ 56.Kf2 Qc5+
57.Kf1 Qxd5 58.Qe7+ Kf4 59.Qf6+ Qf5 60.Qxf5+ Kxf5 61.b4 axb4 62.axb4 d5 63.b5 Ke6
64.Kf2 d4  0-1

[Event "Gibraltar Masters 2019"]
[Site "Caleta ENG"]
[Date "2019.01.27"]
[Round "6.74"]
[White "Zhukova,N"]
[Black "Pinho,P"]
[Result "1-0"]
[WhiteElo "2377"]
[BlackElo "2205"]

1.c4 Nf6 2.Nc3 g6 3.d4 Bg7 4.e4 O-O 5.Bg5 d6 6.f3 Nbd7 7.Nh3 c6 8.Nf2 Qa5
9.Qd2 a6 10.Be2 b5 11.O-O e5 12.d5 cxd5 13.cxd5 b4 14.Ncd1 Nc5 15.Ne3 Qb6
16.Nc4 Qb8 17.Rfc1 a5 18.Nxe5 Nfxe4 19.fxe4 Bxe5 20.Bf4 Re8 21.Bxe5 Rxe5
22.Bf3 Bd7 23.b3 a4 24.Rab1 axb3 25.axb3 f5 26.exf5 Bxf5 27.Rb2 Ra3 28.g4 Bd7
29.Rc4 Qf8 30.Rf4 Qe7 31.Rxb4 Re3 32.Bd1 Ra1 33.Kg2 Re1 34.Rb8+ Be8 35.b4 Raxd1
36.bxc5 Rxd2 37.Rxd2 Qe3 38.Rc2 dxc5 39.d6 Kg7 40.Rb7+ Bf7 41.Re7 Qb3 42.Rxe1 Qxc2
43.d7 Bd5+ 44.Kg1 Qc3 45.Re7+  1-0

[Event "Gibraltar Masters 2019"]
[Site "Caleta ENG"]
[Date "2019.01.27"]
[Round "6.75"]
[White "Phadke,So1"]
[Black "Anand,N"]
[Result "1/2-1/2"]
[WhiteElo "2191"]
[BlackElo "2373"]

1.e4 e5 2.Nf3 Nc6 3.Bc4 Nf6 4.d4 exd4 5.e5 d5 6.Bb5 Ne4 7.Nxd4 Bd7 8.Bxc6 bxc6
9.O-O Bc5 10.f3 Ng5 11.f4 Ne4 12.Be3 O-O 13.Nd2 f6 14.Nxe4 dxe4 15.Qe2 Bg4
16.Qxg4 Bxd4 17.Bxd4 Qxd4+ 18.Kh1 fxe5 19.Qe6+ Kh8 20.Qxe5 Qxe5 21.fxe5 Kg8
22.Kg1 Rad8 23.Rae1 Rd2 24.Rxe4 Rxc2 25.Rxf8+ Kxf8 26.Ra4 Rxb2 27.Rxa7 Re2
28.Rxc7 Rxa2 29.Rxc6 Ra5 30.Rc8+ Ke7 31.Rc7+ Kf8 32.Rc8+  1/2-1/2

[Event "Gibraltar Masters 2019"]
[Site "Caleta ENG"]
[Date "2019.01.27"]
[Round "6.76"]
[White "Arakhamia-Grant,K"]
[Black "Onabogun,K"]
[Result "1/2-1/2"]
[WhiteElo "2372"]
[BlackElo "2189"]

1.e4 c5 2.Nf3 Nc6 3.Bb5 g6 4.O-O Bg7 5.Re1 e5 6.Nc3 Nge7 7.a4 O-O 8.Bc4 d6
9.d3 h6 10.h3 Be6 11.Bxe6 fxe6 12.Be3 Kh7 13.Nh2 Ng8 14.Ne2 Rf7 15.c3 Qf8
16.Qb3 Re8 17.Rf1 Nf6 18.Ng3 d5 19.Rad1 Rc8 20.Ng4 Nxg4 21.hxg4 c4 22.dxc4 d4
23.Bc1 Na5 24.Qa2 dxc3 25.bxc3 Nxc4 26.Rd3 Qc5 27.Qe2 Rcf8 28.g5 hxg5 29.Bxg5 Bh6
30.Qg4 Rxf2 31.Rxf2 Rxf2 32.Kh2 Bxg5 33.Rd7+ Be7 34.Qh4+ Kg7 35.Rxe7+ Rf7
36.Re8 Rf8 37.Re7+ Rf7 38.Rxe6 Qe3 39.Re8 Qh6 40.Qxh6+ Kxh6 41.Kg1 Kg5 42.Re6 Rf6
43.Re7 Kf4 44.Ne2+ Kxe4 45.Rxb7 Kd3 46.Ng3 Ra6 47.Rd7+ Ke3 48.Rg7 Nb2 49.Kh2 Nxa4
50.c4 Nc5 51.Kh3 Kd4 52.Kg4 Kxc4 53.Re7 Kd5 54.Ne2 Ne4 55.Rd7+ Ke6 56.Rg7 Kf6
57.Rc7 Ra2 58.Rc6+ Ke7 59.Kf3 Ng5+ 60.Ke3 Ne6 61.Nc3 Rxg2 62.Nd5+ Kd7 63.Ra6 Nc5
64.Nf6+ Ke7 65.Nd5+ Kf7 66.Rxa7+ Ke6 67.Kf3 Rb2 68.Ne3 e4+ 69.Kf4 Rf2+ 70.Kg5 Rf3
71.Ng4 Kd5 72.Kxg6 e3 73.Nxe3+ Rxe3 74.Kf5 Rf3+ 75.Kg4 Rf8 76.Ra5 Kd4 77.Ra7 Ke5
78.Re7+ Kd5 79.Ra7 Ke5 80.Ra5 Kd6 81.Ra7 Rf1 82.Ra8 Ne6 83.Ra5 Ke7 84.Ra7+ Kf6
85.Ra5 Nd4 86.Ra8 Ke5 87.Ra5+ Ke4 88.Kg5 Ne6+ 89.Kg6 Nf4+ 90.Kg5 Rg1+ 91.Kf6 Nd5+
92.Ke6 Rg6+ 93.Kf7 Rd6 94.Ra1 Kf5 95.Rf1+ Nf4 96.Ke7 Rd4 97.Rf3 Rd1 98.Rf2 Ke5
99.Ra2 Nd5+ 100.Kf7 Rf1+ 101.Kg7 Ke6 102.Ra6+ Kf5 103.Ra5 Ke6 104.Ra6+ Kd7
105.Ra7+ Nc7 106.Kg6 Kd6 107.Ra2 Nd5 108.Kg5 Nf6 109.Ra6+ Ke5 110.Ra5+ Nd5
111.Kg6 Rg1+ 112.Kf7 Rg5 113.Ra1 Rf5+ 114.Kg7 Rg5+ 115.Kh7 Kf5 116.Ra5 Ke5
117.Ra1 Rf5 118.Kg7 Nc3 119.Ra5+ Nd5 120.Ra1 Ke6 121.Ra6+ Kd7 122.Ra7+ Nc7
123.Kg6 Rc5 124.Ra1  1/2-1/2